000 00816nam a22002417a 4500
003 NALT
005 20251017152519.0
008 s2004 eng d
020 _a0199270740
040 _aNALT
041 _aeng
050 _aHD 9502.G72
_bH44E 2004
100 1 _aHelm, Dieter
_966744
245 1 0 _aEnergy, the state, and the market :
_bBritish energy policy since 1979 /
_cDieter Helm.
260 _aOxford :
_bOxford University Press,
_c2004.
300 _a471 p. :
_btables ;
_c23 cm.
650 0 _aPrivatization
_zGreat Britain
_966745
650 0 _aEnergy industries
_xGovernment policy
_zGreat Britain
_966746
650 0 _aEnergy policy
_zGreat Britain
_966747
850 _aNALT
942 _cGB
_2lcc
999 _c50008
_d50008
998 _j111
_k นางสาวพจพิณ พรมเอี่ยม